| 000 | 00388 a2200157 4500 | ||
|---|---|---|---|
| 001 | 75328 | ||
| 082 | _a519.3GRA | ||
| 090 |
_c39117 _d39117 |
||
| 100 | _aEugene L Grant | ||
| 245 | _aStatistical Quality Control, 6th ED | ||
| 250 | _a6 | ||
| 260 |
_aNew York _bMcGraw Hill _c1988 |
||
| 300 |
_a714 p. _borigional |
||
| 500 | _aBE textbook IE dept | ||
| 600 | _aRichard S. Leaven worth | ||
| 942 |
_aNUST-CAE _k519.3GRA |
||
| 999 |
_c310401 _d310401 |
||